Most Progressive Countries - Statistics

General Stats
  • This quiz has been taken 89 times
  • The average score is 19 of 20
Answer Stats
Rank Answer % Correct
4 Canada
97%
2 Norway
97%
1 Sweden
97%
19 United States
97%
16 France
96%
13 Germany
96%
8 Switzerland
96%
12 United Kingdom
96%
3 Finland
94%
20 Italy
94%
17 Spain
94%
11 Austria
93%
5 Denmark
93%
14 Ireland
91%
9 Australia
90%
18 Portugal
90%
10 Belgium
89%
7 Netherlands
89%
6 New Zealand
89%
15 Luxembourg
79%
No matching quizzes found
Score Distribution
Percent of People with Each Score
Percentile by Number Answered
Your Score History
You have not taken this quiz